| 000 | 00903nas a2200301 4500 | ||
|---|---|---|---|
| 001 | BR0001664 | ||
| 003 | BR-BrBNA | ||
| 005 | 20231205101812.0 | ||
| 007 | ta | ||
| 008 | 230509b bl.|||p| |||| 00| 00por d | ||
| 040 |
_aBR-BrBNA _bpor _cBiblioteca Nacional de Agricultura |
||
| 041 | _a(Pt) | ||
| 072 | _aF02 | ||
| 100 | 1 | _aLourenco, R.S. | |
| 100 | 1 | _aMedrado, M.J.S. | |
| 100 | 1 | _aFowler, J.A.P. | |
| 100 | 1 | _aMosele, S.H. | |
| 245 | 1 | _aInfluencia do substrato no desenvolvimento de mudas de erva-mate (IIex paraguariensis St. Hil.) | |
| 650 | _aMate | ||
| 650 | _aMuda | ||
| 650 | _aSubstrato de Cultura | ||
| 650 | _aEsterco de Gado | ||
| 650 | _aEsterco de Galinha | ||
| 650 | _aVermiculita | ||
| 773 | 0 |
_tBoletim de Pesquisa Florestal (Brazil) _xISSN 1517-6371 _g(Jan-Jun 1999), (no. 38) p. 13-30 _wBR0001664 |
|
| 909 |
_a202311 _bLúcia _c55 _dLúcia Elande |
||
| 942 |
_2AGRIS _n0 _cANA |
||
| 999 |
_c164025 _d164025 |
||